| 000 | nam a22 7a 4500 | ||
|---|---|---|---|
| 999 |
_c50237 _d50237 |
||
| 003 | OSt | ||
| 005 | 20201102152847.0 | ||
| 008 | 201102b xxu||||| |||| 00| 0 eng d | ||
| 040 | _cSERO SOFT | ||
| 100 | _aSHARMA,B.L | ||
| 245 | _aPEDAGOGY OF SCHOOL SUBJECT HOME SCIENCE | ||
| 260 |
_aMEERUT _bR.LALL PUB MEERUT |
||
| 300 | _a419 | ||
| 942 |
_2ddc _c02 |
||